Odgadnij państwo po sławnej osobie - Statystyki

Ogólne statystyki
  • Ten quiz został rozwiązany 270 razy
  • Średni wynik to 8 z 10
Statystyki odpowiedzi
Osoba Państwo % Poprawnych
Mikołaj Kopernik Polska
100%
Albert Einstein Niemcy
91%
Arystoteles Grecja
89%
Wolfgang Amadeusz Mozart Austria
83%
Mohamed Salah Egipt
80%
Justin Bieber Kanada
74%
Jeff Bezos Stany Zjednoczone
73%
Conor McGregor Irlandia
70%
Magnus Carlsen Norwegia
54%
Elon Musk Republika Południowej Afryki
54%
Nie znaleziono quizów pasujących do podanych kryteriów
Rozkład punktacji
Procent ludzi z każdym wynikiem
Percentyl według liczby udzielonych odpowiedzi
Twoja historia wyników
Nie rozwiązałeś tego quizu